Australian State and Territorial Flags - Statistics

General Stats
  • This quiz has been taken 79 times
  • The average score is 11 of 16
Answer Stats
Picture Hint Answer % Correct
State Tasmania
94%
State Queensland
92%
Internal Territory Northern Territory
91%
State South Australia
91%
State Victoria
91%
State Western Australia
91%
State New South Wales
89%
External Territory Christmas Island
88%
Internal Territory Australian Capital Territory
80%
External Territory Norfolk Island
80%
External Territory Cocos (Keeling) Islands
75%
Internal Territory Jervis Bay Territory
38%
External Territory Australian Antarctic Territory
33%
External Territory Heard Island and McDonald Islands
33%
External Territory Ashmore and Cartier Islands
31%
External Territory Coral Sea Islands
31%
No matching quizzes found
Score Distribution
Percent of People with Each Score
Percentile by Number Answered
Your Score History
You have not taken this quiz